MARC details
| 000 -CABECERA |
| campo de control de longitud fija |
01823nam a2200301 4500 |
| 003 - IDENTIFICADOR DEL NÚMERO DE CONTROL |
| campo de control |
EC-UNACH |
| 005 - FECHA Y HORA DE LA ÚLTIMA TRANSACCIÓN |
| campo de control |
20251125151305.0 |
| 006 - CÓDIGOS DE INFORMACIÓN DE LONGITUD FIJA--CARACTERÍSTICAS DEL MATERIAL ADICIONAL |
| campo de control de longitud fija |
s||||gr|||| 00| 00 |
| 008 - DATOS DE LONGITUD FIJA--INFORMACIÓN GENERAL |
| campo de control de longitud fija |
150116t9999 mx r gr 000 0 spa d |
| 020 ## - NÚMERO INTERNACIONAL ESTÁNDAR DEL LIBRO |
| Número Internacional Estándar del Libro |
978-9978-55-110-3 |
| 040 ## - FUENTE DE LA CATALOGACIÓN |
| Centro catalogador/agencia de origen |
EC-UNACH |
| Centro/agencia transcriptor |
EC-UNACH |
| 041 ## - CÓDIGO DE LENGUA |
| Código de lengua del texto/banda sonora o título independiente |
spa |
| 082 04 - NÚMERO DE LA CLASIFICACIÓN DECIMAL DEWEY |
| Número de edición |
23 |
| Número de clasificación |
302.2 |
| Número de documento/Ítem |
L018399 |
| 110 ## - ENTRADA PRINCIPAL--NOMBRE DE ENTIDAD CORPORATIVA |
| Nombre de entidad corporativa o nombre de jurisdicción como elemento de entrada |
Editorial Quipus CIESPAL |
| 245 ## - MENCIÓN DE TÍTULO |
| Título |
La democratización de la comunicación y la información en América Latina |
| 250 ## - MENCIÓN DE EDICIÓN |
| Mención de edición |
Primera Edición |
| 264 ## - Producción, publicación, distribución, fabricación y copyright |
| Lugar de producción, publicación, distribución, fabricación |
Ecuador |
| Nombre del de productor, editor, distribuidor, fabricante |
Editorial Quipus CIESPAL |
| Fecha de de producción, publicación, distribución, fabricación o copyright |
2013 |
| 300 ## - DESCRIPCIÓN FÍSICA |
| Extensión |
173 |
| 505 ## - NOTA DE CONTENIDO CON FORMATO |
| Nota de contenido con formato |
Parte I<br/>Regulación y autorregulación de los medios<br/>Reflexión inicial<br/>Ponencias centrales<br/>La regulación democrática de los medios<br/>de comunicación<br/>Resolución de conflictos entre los medios<br/>de comunicación y los gobiernos para<br/>beneficio de la democracia<br/>Foro General.<br/>Parte II<br/>La democratización de la comunicación<br/>y la información en América Latina.<br/>El papel de los medios de comunicación<br/>independientes en las democracias<br/>latinoamericanas.<br/>John Dinges<br/>Comunicación social en América Latina:<br/>la palabra clave no es menos, es más.<br/>Franklin Mastrini<br/>Diversidad y acceso equitativo a los<br/>medios de comunicación.<br/>Guillermo Mastrini<br/>La Argentina de la Ley de Servicios<br/>de Comunicación Audiovisual.<br/>Santiago Marino<br/>Desarrollo y sustentabilidad de las radios<br/>comunitarias, populares e indígenas.<br/>Marín Pía Matta<br/>El papel de los medios públicos y privados en la construcción de ciudadanía <br/><br/><br/> |
| 650 ## - PUNTO DE ACCESO ADICIONAL DE MATERIA--TÉRMINO DE MATERIA |
| Término de materia o nombre geográfico como elemento inicial |
REGULACIÓN DE LOS MEDIOS |
| 650 ## - PUNTO DE ACCESO ADICIONAL DE MATERIA--TÉRMINO DE MATERIA |
| Término de materia o nombre geográfico como elemento inicial |
DEMOCRATIZACIÓN DE LA COMUNICACIÓN |
| 650 ## - PUNTO DE ACCESO ADICIONAL DE MATERIA--TÉRMINO DE MATERIA |
| Término de materia o nombre geográfico como elemento inicial |
EL PAPEL DE LOS MEDIOS PUBLICOS |
| 700 ## - PUNTO DE ACCESO ADICIONAL--NOMBRE DE PERSONA |
| Nombre de persona |
Ciespal |
| 942 ## - ELEMENTOS DE PUNTO DE ACCESO ADICIONAL (KOHA) |
| Fuente del sistema de clasificación o colocación |
Clasificación Decimal Dewey |
| Tipo de ítem Koha |
Libros |
| 999 ## - NÚMEROS DE CONTROL DE SISTEMA (KOHA) |
| Koha biblionumber |
14221 |